00325nam a2200121 a 45000010005000000030005000050050017000100080041000270400020000681000018000882450077001062600020001832640CDMR20130116135233.0130130s1972||||||||||||||||||||||||||||d aCDMRbcatcCDMR1 aCrexell, Joan14aLos hechos del 6 de octubre de 1934 en Barcelona...cJuan Crexells Playa aBarcelonac1972